Lo justo

Detalles Bibliográficos
Autor principal: Ricoeur, Paul, 1913-2005
Formato: Desconocido
Lenguaje:español
Publicado: [Chile] : Jurd̕ica de las Amřicas, 2009
Materias:
Acceso en línea:Acceso restringido

MARC

LEADER 00000ny a22000003n 4500
005 20110616142318.0
008 991027s2009 sp 000 0 spa d
020 |a 9789689368533 
035 |a 3292 
040 |a BUS  |d vLex 
090 |c 787  |d 787 
100 1 |a Ricoeur, Paul,  |d 1913-2005 
245 1 0 |a Lo justo  |h [Recurso electrn̤ico]  |c Paul Ricoeur 
256 |a Servicio en ln̕ea 
260 |a [Chile] :  |b Jurd̕ica de las Amřicas,  |c 2009 
300 |a p. ;  |c cm 
506 1 |a Contenido solo disponible en los productos indicados  |d vLex Global  |d vLex Global (Academic Edition, excluding Law Schools)  |d vLex Global (U.S. Academic Edition, Law Schools)  |d vLex Global (U.S. Academic Edition, excluding Law Schools)  |d vLex Global (Academic Edition, Law Schools) 
650 0 4 |a Derecho  |x Filosofa̕ 
650 0 4 |a Justicia 
740 0 |a vLex Libros (Servicios en ln̕ea) 
856 4 0 |u http://vlex.com/source/3292  |z Acceso restringido 
942 |c BOOK 
999 0 |a Law  |b Chile